| 000 | 01445cam a2200241 4500 | ||
|---|---|---|---|
| 001 | WB3947-01 | ||
| 008 | 031210n2003 000 0 eng u | ||
| 035 | _a(Sirsi) u124591 | ||
| 245 | _aOutput and employment in the construction industry - third quarter 2003 | ||
| 260 | _c2003 | ||
| 490 |
_aDTI Press Release _v(OEC-Q303) 5 December 2003 (2) |
||
| 520 | _aTotal volume of construction output rose by 4% in the third quarter compared to the previous year. Overall new work rose over the same period. Other areas covered by this release include repairs and maintenance, volume of new work, new private housing work, new public housing, new construction work in the private industrial sector, new private commercial output, new work in the public non-housing sector (excluding infrastructure), housing repair and maintenance work in both the public and private housing sector, repair and maintenance work in the public and private non-housing sector. Figures for employment in the construction sector are also included. Next publication date for these statistics is 5 March 2004. These statistics can be viewed at http://www.dti.gov.uk/construction/stats. | ||
| 590 | _aWB | ||
| 650 | _aDTI | ||
| 650 | _aCONSTRUCTION STATISTICS | ||
| 650 | _aHOUSING STATISTICS | ||
| 650 | _aHOUSE BUILDING | ||
| 650 | _aHOUSING MAINTENANCE | ||
| 650 | _aSTATISTICS | ||
| 650 | _aEMPLOYMENT FIGURES | ||
| 690 | _aBUILT ENVIRONMENT | ||
| 942 | _n0 | ||
| 999 |
_c73939 _d73939 |
||